000 00384nam a2200133Ia 4500
008 191206s9999 xx 000 0 und d
020 _a719527155
090 _aNA370.L35
245 0 _aSailing to Byzantium: an architectural companion
260 _aJ. Murray
260 _cc1972
300 _a"xii, 184 p. [8] leaves. illus. (some col.) 24 cm."
999 _c16855
_d16855